Indebtedness of Small and Medium-Sized Wineries in Slovakia
Mnoho spoločností závisí od zdrojov dlhu; používajú ich na financovanie svojich potrieb. Bankové úvery sú hlavnými dlhovými zdrojmi, ku ktorým majú spoločnosti prístup. Financovanie len týmto zdrojom je však spojené s mnohými rizikami. Hlavným cieľom príspevku je posúdiť a kvantifikovať zadlženosť v...
Saved in:
| Main Author: | |
|---|---|
| Other Authors: | , , , |
| Format: | Book Chapter |
| Language: | English |
| Subjects: | |
| Tags: |
No Tags, Be the first to tag this record!
|
MARC
| LEADER | 00000naa a2200000 4500 | ||
|---|---|---|---|
| 001 | 0307929 | ||
| 005 | 20250401124325.0 | ||
| 041 | 0 | |a eng | |
| 044 | |a CZ | ||
| 245 | 1 | 0 | |a Indebtedness of Small and Medium-Sized Wineries in Slovakia |c Jana Ladvenicová, Dominika Čeryová, Iveta Košovská, Jozef Palkovič, Matej Čereš |
| 520 | |a Mnoho spoločností závisí od zdrojov dlhu; používajú ich na financovanie svojich potrieb. Bankové úvery sú hlavnými dlhovými zdrojmi, ku ktorým majú spoločnosti prístup. Financovanie len týmto zdrojom je však spojené s mnohými rizikami. Hlavným cieľom príspevku je posúdiť a kvantifikovať zadlženosť vinárskych závodov na Slovensku na roky 2013–2021 prostredníctvom jednotlivých ukazovateľov dlhu. Testoval sa vplyv finančnej páky na návratnosť vlastného kapitálu (ROE). Údaje boli čerpané z Registra účtovných závierok. | ||
| 610 | 2 | 0 | |a víno |
| 610 | 2 | 0 | |a podnik malý |
| 610 | 2 | 0 | |a podnik stredný |
| 610 | 2 | 0 | |a zadlženosť |
| 610 | 2 | 0 | |a Slovensko |
| 100 | 1 | |a Ladvenicová, Jana | |
| 700 | 1 | |a Čeryová, Dominika | |
| 700 | 1 | |a Košovská, Iveta | |
| 700 | 1 | |a Palkovič, Jozef | |
| 700 | 1 | |a Čereš, Matej | |